000
00316nam a22001457a 4500
003
SGT
020
_a
978-93-86554-08-6
082
_a
615.53
_b
K17K
100
_a
KUMAR,ARHANTH.ED.
245
_a
KAMA- KAUTUHALA
260
_a
VARANASI
_b
CHAUKHAMBA PUB
_c
2017
300
_a
96
650
_a
AYURVEDA
942
_2
ddc
_c
BK
999
_c
16541
_d
16541